=LDR 00000nam 2200000 4500 =001 INLIS000000000046603 =005 20150413173826.0 =006 =007 =008 =035 ##$$0010-041500000000085 =082 ##$$a813 =090 ##$$a 813 GEN G =100 ##$$a TIM NUANSA =245 ##$$a GERINDA =260 ##$$a NUANSA =300 ##$$aHLN. 48 =850 ##$$a NPBMAT